The schoolhouse in the city, / (Record no. 12016)
[ view plain ]
| 000 -CABECERA | |
|---|---|
| campo de control de longitud fija | 00640cam a2200193 a 4500 |
| 001 - NÚMERO DE CONTROL | |
| campo de control | 000012359 |
| 005 - FECHA Y HORA DE LA ÚLTIMA TRANSACCIÓN | |
| campo de control | 20200929163019.0 |
| 008 - DATOS DE LONGITUD FIJA--INFORMACIÓN GENERAL | |
| campo de control de longitud fija | 720106s1969 nyua 101 0 eng |
| 040 ## - FUENTE DE LA CATALOGACIÓN | |
| Centro catalogador/agencia de origen | DO-SdBNP |
| Lengua de catalogación | eng |
| Centro/agencia transcriptor | LC |
| Centro/agencia modificador | BNPHU |
| 082 ## - NÚMERO DE LA CLASIFICACIÓN DECIMAL DEWEY | |
| Número de clasificación | 370.19348 |
| Número de documento/Ítem | T644s |
| 049 ## - FONDOS LOCALES (OCLC) | |
| Fondos de biblioteca | BNGR |
| 100 1# - ENTRADA PRINCIPAL--NOMBRE DE PERSONA | |
| Nombre de persona | Toffler, Alvin. |
| 9 (RLIN) | 29035 |
| 245 14 - MENCIÓN DE TÍTULO | |
| Título | The schoolhouse in the city, / |
| Mención de responsabilidad, etc. | Edición e introducción Alvin Toffler. |
| 260 ## - PUBLICACIÓN, DISTRIBUCIÓN, ETC. | |
| Lugar de publicación, distribución, etc. | [New York] : |
| Nombre del editor, distribuidor, etc. | Voice of America Forum Lectures, |
| Fecha de publicación, distribución, etc. | [1969]. |
| 300 ## - DESCRIPCIÓN FÍSICA | |
| Extensión | viii, 293 p. : |
| Otras características físicas | il. ; |
| Dimensiones | 21 cm. |
| 650 #4 - PUNTO DE ACCESO ADICIONAL DE MATERIA--TÉRMINO DE MATERIA | |
| Término de materia o nombre geográfico como elemento de entrada | Educación urbana |
| Subdivisión de forma | CONGRESOS |
| 9 (RLIN) | 29036 |
| 700 1# - PUNTO DE ACCESO ADICIONAL--NOMBRE DE PERSONA | |
| Nombre de persona | Toffler, Alvin, |
| Término indicativo de función/relación | ed. |
| 9 (RLIN) | 29035 |
| 910 ## - DATOS DE OPCIÓN DEL USUARIO (OCLC) | |
| Datos de opción del usuario | Catalogación por copia / LC |
| Estado de retiro | Estado de pérdida | Restricciones de uso | No para préstamo | Código de colección | Localización permanente | Ubicación/localización actual | Ubicación en estantería | Fecha de adquisición | Número de inventario | Total de préstamos | Signatura topográfica completa | Código de barras | Fecha visto por última vez | Precio válido a partir de | Tipo de ítem Koha | Número de copia |
|---|---|---|---|---|---|---|---|---|---|---|---|---|---|---|---|---|
| Préstamo interno | Monografías: Libros y Folletos | General | General | En catalogación | 11.11.2009 | LF1 | 370.19348 T644s | 12359-10 | 25.06.2020 | 25.06.2020 | Préstamo interno | |||||
| Préstamo restringido | Préstamo restrigido | Monografías: Libros y Folletos | General | General | En catalogación | 11.11.2009 | LF1 | 370.19348 T644s | 12359-20 | 25.06.2020 | 25.06.2020 | Préstamo interno | e.2 |
